Normal view
MARC view
Entry Personal Name
001 - CONTROL NUMBER
- control field: 1102
003 - CONTROL NUMBER IDENTIFIER
- control field: dpl
005 - DATE AND TIME OF LATEST TRANSACTION
- control field: 20100723165330.0
008 - FIXED-LENGTH DATA ELEMENTS
- fixed length control field: 100723|||a|||||| | ||| d
040 ## - CATALOGING SOURCE
- Original cataloging agency: dpl
- Transcribing agency: dpl
100 ## - HEADING--PERSONAL NAME
- Personal name: Deb, A C
670 ## - SOURCE DATA FOUND
- Source citation: Work cat.: (dpl)37467: Deb, A C , Fundamentals of Biochemistray /, N.D
670 ## - SOURCE DATA FOUND
- Source citation: Work cat.: (dpl)37467: Deb, A C , Fundamentals of Biochemistray /, N.D
